Дело о службе состоявшего в ведомстве Театральной дирекции, уволенного сторожа театра-цирка, отставного унтер-офицера Сергея Кис...

Доступно только в Электронных читальных залах Найти на картеНа карте
RUSMARC
00003813nmc2a22000003x 450
0014eb0ebec-24b4-46cd-84cc-d74563948d8d
00520181228155644.0
100##$a20170703l18491850k l0rusy0189 ca
1010#$arus
102##$aRU
2001#$aДело о службе состоявшего в ведомстве Театральной дирекции, уволенного сторожа театра-цирка, отставного унтер-офицера Сергея Киселева
$j11 января 1849 г. - 1 июня 1850 г.
251##$cДело
300##$aПо Санкт-Петербургской дирекции за 1849 год
300##$aДело
801#0$aRU
$bРГИА
$c20170703
$gRCR
801#1$aRU
$bГлавНИВЦ
$c20170703
$2rusmarc
801#2$aRU
$bПБ им. Б.Н. Ельцина
$c20181228
$gRCR
$2rusmarc
850##$aРГИА
852##$aРГИА
$eФедеральное казенное учреждение "Российский государственный исторический архив" (РГИА)
$j12095
937##$hРГИА
$d12246059
$aASBIBLIO_SCAN
462#0$1001dd3991dc-24e1-42ec-8838-ca4255420416
$12001
$aДирекция императорских театров (1746-1850 гг.)
$1251
$cОпись
$1852
$j1
461#0$10019264ebf8-de62-4f1a-9eb4-9f22098dbbd5
$12001
$aДирекция императорских театров Министерства императорского двора
$1251
$cФонд
$1852
$j497
215##$a8 л.
$d36,5х26 см
371##$aДокумент не является опубликованным и широко распространяемым
105##$ay###
1222#$ad
035##$a4eb0ebec-24b4-46cd-84cc-d74563948d8d
856##$uhttp://readingroom.main.prlib.ru/item.aspx?id_node=n122657309&mode=full
Формат отображения